| 000 | 01178nji a22002777a 4500 | ||
|---|---|---|---|
| 005 | 20100916112456.0 | ||
| 006 | a|||||r|||||00| 0 | ||
| 007 | sd ammalaaahaa | ||
| 008 | 100830t xxu||||| |||| 00| 0 eng d | ||
| 028 |
_a3AEX.5222 _bOdeon |
||
| 035 | _aGR-02526 | ||
| 040 |
_aSED _cSED |
||
| 100 |
_917455 _aMangeshkar, Lata |
||
| 245 |
_aVasant Desai / _csung by Lata Mangeshkar; lyric by Bharat Vyas; _h[sound recording] : |
||
| 246 | _aवसंत देसाई / | ||
| 260 |
_aDum Dum, India _bOdeon _c1969 |
||
| 300 |
_a1 sound disc [Gramophone Recording]: _banalog, 33 1/3 rpm _c12.5 in. (LP) _fGramophone Record |
||
| 500 | _aBrief Record | ||
| 500 | _aRecord labels : Odeon, Black | ||
| 505 | _aSide-1 ऐ मलिक तेरे बंदे हम (Ae malik tere bande hum) (Do aankhen bara haath) (Lata Mangeshkar) Side-2 निर्बल से लड़ाई (Nirbal se ladai) (Toofan aur diya) (Manna Dey) | ||
| 600 |
_aMangeshkar, Lata _919590 |
||
| 650 |
_aHindi Film Songs _zIndia _91186 _xExcerpts |
||
| 700 |
_aVyas, Bharat _920292 |
||
| 942 |
_2ddc _cGR |
||
| 999 |
_c46107 _d46107 |
||